000 00953nam0a22002891 4500
001 rc\4578214
005 20260405092931.0
021 _aRU
_b[63-98239]
035 _a(NLR Aleph) 008655686
090 _a9029873
_c9029873
100 _a20130416d1963 |||y0rusy50 ca
101 0 _arus
102 _aRU
105 _aa z |||||
200 1 _aБиосинтез белков и проблемы онтогенеза
210 _aМосква
_cМедгиз
_d1963
215 _a431 с.
_cил.
_d27
320 _aБиблиогр. в конце глав
606 _aБелки (хим.)
_xСинтез
_2psbo
606 _aОнтогенез
_2psbo
700 1 _7ca
_8rus
_aМедведев
_bЖ. А.
_cбиохимик, историк
_f1925-2018
_gЖорес Александрович
_916962
_3RU\NLR\AUTH\7733956
801 0 _aRU
_bNLR
_gpsbo
801 1 _aRU
_bELAR
_2rusmarc
852 _aNLR
_j64-7/101
942 _cBOOK
980 _aNB